000 00231nam a2200097Ia 4500
008 190216s9999||||xx |||||||||||||| ||und||
100 _aBalakrishnan
245 0 _aVasthuvidya Oru Mughavura
260 _bBhasha Institute
942 _cBK
999 _c40432
_d40432